| 000 | 00750nam a2200289Ia 4500 | ||
|---|---|---|---|
| 005 | 20260324133339.0 | ||
| 008 | 008 260324s9999 xx 000 0 eng d | ||
| 020 | _a9780429234019 | ||
| 037 | _aEBOOK | ||
| 040 | _aCRL | ||
| 040 | _beng | ||
| 040 | _cCRL | ||
| 041 | _2eng | ||
| 041 | _aeng | ||
| 084 | _qCRL | ||
| 100 |
_aHaiyan Zhang; Maria Do Céu Esteves; Daniël Van den Bulcke _91192748 |
||
| 245 | 0 | _aEuropean Union Direct Investment in China | |
| 245 | 0 | _bCharacteristics, Challenges and Perspectives | |
| 260 | _bTaylor and Francis | ||
| 260 | _c2003 | ||
| 365 | _a | ||
| 365 | _b255 | ||
| 856 | _uhttp://www.taylorfrancis.com/books/9780429234019 | ||
| 942 | _cEBOOK | ||
| 999 |
_c1791689 _d1791689 |
||